000 00633cam a22002053a 4500
001 34187
003 PGUSA
005 20140828083734.0
008 101101s2010||||xxu|||||s|||||000 | eng d
040 _aPGUSA
_beng
042 _adc
100 1 _aSpooner, Lysander,
_d1808-1887
245 1 2 _aA New Banking System :
_bThe Needful Capital for Rebuilding the Burnt District
_h[electronic resource] /
_cLysander Spooner
260 _bProject Gutenberg,
_c2010
506 _aPublic domain in the USA.
516 _aElectronic text
830 0 _aProject Gutenberg
_v34187
856 4 0 _uhttp://www.gutenberg.org/ebooks/34187
942 _cEB
999 _c263442
_d263442